00852nam a22002177a 4500999001900000005001700019010001500036020002700051035001500078037001400093082001700107100001800124245008300142260005500225270008900280300003000369500005800399700001500457942003100472952013100503 c158299d15829920181024163441.0 aENG-124361 c1595.00a9789352806904 a EN-107893 bDBAD/PUB. a658.31240954 aPareek, Udai  aTraining instruments in HRD and OD 4e /cby Udai Pareek; forwarded by T.V. Rao aNew DelhibSage Publications India Pvt. Ltd.c2018 aB1/I-1, Mohan Cooperative Industrial Area Mathura Road Post Bag 7bNew Delhie110044 axv,614p.c26cm(pbk)bill. aIt includes bibliography, index and about the authors a Rao, T.V. 2ddccENmPARh658.31240954 001040718NFICaDBADbBNd2018-10-25eDBAD/PUBg1595.00l0o658.31240954 PARpEN-107893r2018-10-25 00:00:00t1v1595.00yEN